Civil society & peacebuilding : (Record no. 592730)

000 -LEADER
fixed length control field 02817cam a2200349 a 4500
001 - CONTROL NUMBER
control field 15799867
005 - DATE AND TIME OF LATEST TRANSACTION
control field 20221220085649.0
008 - FIXED-LENGTH DATA ELEMENTS--GENERAL INFORMATION
fixed length control field 090701s2010 coua b 001 0 eng
010 ## - LIBRARY OF CONGRESS CONTROL NUMBER
LC control number 2009026976
015 ## - NATIONAL BIBLIOGRAPHY NUMBER
National bibliography number GBB028929
Source bnb
016 7# - NATIONAL BIBLIOGRAPHIC AGENCY CONTROL NUMBER
Record control number 015490492
Source Uk
020 ## - INTERNATIONAL STANDARD BOOK NUMBER
International Standard Book Number 9781588266965 (alk. paper)
020 ## - INTERNATIONAL STANDARD BOOK NUMBER
International Standard Book Number 1588266966 (alk. paper)
020 ## - INTERNATIONAL STANDARD BOOK NUMBER
International Standard Book Number 9781588266729 (pbk. : alk. paper)
020 ## - INTERNATIONAL STANDARD BOOK NUMBER
International Standard Book Number 1588266729 (pbk. : alk. paper)
035 ## - SYSTEM CONTROL NUMBER
System control number (OCoLC)ocn423217222
040 ## - CATALOGING SOURCE
Original cataloging agency DLC
Transcribing agency DLC
Modifying agency C#P
-- YDXCP
-- OCLCQ
-- UKM
-- CDX
-- BWX
-- VVC
-- DLC
050 00 - LIBRARY OF CONGRESS CALL NUMBER
Classification number JZ5538
Item number .C59 2010
082 00 - DEWEY DECIMAL CLASSIFICATION NUMBER
Classification number 303.66,CIV
Edition number 22
245 00 - TITLE STATEMENT
Title Civil society & peacebuilding :
Remainder of title a critical assessment /
Statement of responsibility, etc. edited by Thania Paffenholz.
246 3# - VARYING FORM OF TITLE
Title proper/short title Civil society and peacebuilding
260 ## - PUBLICATION, DISTRIBUTION, ETC.
Place of publication, distribution, etc. Boulder :
Name of publisher, distributor, etc. Lynne Rienner Publishers,
Date of publication, distribution, etc. 2010.
300 ## - PHYSICAL DESCRIPTION
Extent ix, 511 p. :
Other physical details ill. ;
Dimensions 23 cm.
505 0# - FORMATTED CONTENTS NOTE
Formatted contents note Understanding civil society / Christoph Spurk (Page-3), Civil society and the state / Kjell Erling Kjellman and Kristian Berg Harpviken (Page-29), Civil society and peacebuilding / Thania Paffenholz (Page-43), A comprehensive analytical framework / Thania Paffenholz and Christoph Spurk (Page-65), Guatemala: a dependent and fragmented civil society / Sabine Kurtenbach (Page-79), Northern Ireland: civil society and the slow building of peace / Roberto Belloni (Page-105), Bosnia-Herzegovina: civil society in a semiprotectorate / Roberto Belloni and Bruce Hemmer (Page-129), Turkey: the Kurdish question and the coercive state / Ayşe Betül Çelik (Page-153), Cyprus: a divided civil society in stalemate / Esra Çuhadar and Andreas Kotelis (Page-181), Israel and Palestine: civil societies in despair / Esra Çuhadar and Sari Hanafi (Page-207), Afghanistan: civil society between modernity and tradition / Kaja Borchgrevink and Kristian Berg Harpviken (Page-235), Nepal: from conflict to consolidating a fragile peace / Rhoderick Chalmers (Page-259), Sri Lanka: peace activists and nationalists / Camilla Orjuela (Page-297), Somalia: civil society in a collapsed state / Ken Menkhaus ... [et al.] (Page-321), Nigeria: dilemmas of co-optation in the Niger Delta / Darren Kew and Cyril Obi (Page-351), What civil society can contribute to peacebuilding / Thania Paffenholz (Page-381), Enabling and disenabling factors for civil society peacebuilding / Thania Paffenholz ... [et al.] (Page-405), Conclusion / Thania Paffenholz (Page-425).
650 #0 - SUBJECT ADDED ENTRY--TOPICAL TERM
Topical term or geographic name entry element Peace-building
Form subdivision Case studies.
9 (RLIN) 104954
650 #0 - SUBJECT ADDED ENTRY--TOPICAL TERM
Topical term or geographic name entry element Civil society
Form subdivision Case studies.
9 (RLIN) 105248
650 #0 - SUBJECT ADDED ENTRY--TOPICAL TERM
Topical term or geographic name entry element Political participation
Form subdivision Case studies.
9 (RLIN) 105249
700 1# - ADDED ENTRY--PERSONAL NAME
Personal name Paffenholz, Thania.
9 (RLIN) 105250
906 ## - LOCAL DATA ELEMENT F, LDF (RLIN)
a 7
b cbc
c orignew
d 1
e ecip
f 20
g y-gencatlg
942 ## - ADDED ENTRY ELEMENTS (KOHA)
Source of classification or shelving scheme
Koha item type Book
Call number prefix 303.66,CIV
Holdings
Withdrawn status Lost status Source of classification or shelving scheme Damaged status Not for loan Permanent Location Current Location Shelving location Date acquired Total Checkouts Full call number Barcode Date last seen Price effective from Koha item type Public note
          Military College of Signals (MCS) Military College of Signals (MCS) General Stacks 12/20/2022   303.66,CIV MCS37553 12/20/2022 12/20/2022 Book Almirah No.49, Shelf No.2
© 2023 Central Library, National University of Sciences and Technology. All Rights Reserved.